Turkish 1970s Music Quiz: Name the Artist - Statistics

General Stats
  • This quiz has been taken 10 times
  • The average score is 11 of 30
Answer Stats
Song Release Date Artist % Correct
Gurbet 1972 Özdemir Erdoğan
86%
Ben bilirim, ben bilirim 1975 Barış Manço
71%
Son arzum 1976 Nilüfer
71%
Kusura bakma 1976 Sezen Aksu
71%
Tanrı misafiri 1973 Ajda Pekkan
57%
Adaletin bu mu dünya 1971 Selda Bağcan
57%
Dert ortağım 1970 Semiramis Pekkan
57%
Yalan 1976 Yeliz
57%
Tek başına 1973 Ayten Alpman
43%
Sevince 1976 Erkin Koray
43%
Çilekeş 1979 Orhan Gencebay
43%
Öyle sarhoş olsam ki 1972 Tanju Okan
43%
İlk öğretmen 1978 Ali Rıza Binboğa
29%
Bal gibi olur 1977 Asu Maralman
29%
Delisin 1975 Cici Kızlar
29%
Kır çiçekleri 1976 Gülden Karaböcek
29%
İndim gülün bağına 1977 İbrahim Tatlıses
29%
Haydi sil gözlerini (Boşver arkadaş) 1973 İlhan İrem
29%
Kader çıkmazı 1973 Kamuran Akkor
29%
Ikliğ 1971 Moğollar
29%
İntizar 1973 Neşe Karaböcek
29%
Ben sana vurgunum 1978 Nükhet Duru
29%
Sev kardeşim 1971 Şenay Yüzbaşıoğlu
29%
Gönlümdeki saraya 1978 Ayla Algan
14%
Sen gidince 1975 Beyaz Kelebekler
14%
Gençlik başımda duman 1975 Güzin ile Baha
14%
Deniz üstü körpürür 1973 Kardaşlar
14%
Arkadaş 1974 Melike Demirağ
14%
Bu gece 1978 Rezzan Yücel
14%
Yekte 1976 Zafer Dilek
14%
No matching quizzes found
Score Distribution
Percent of People with Each Score
Percentile by Number Answered
Your Score History
You have not taken this quiz